| 000 | 00657nam a22001337a 4500 | ||
|---|---|---|---|
| 040 | _cRUA | ||
| 082 | _aAVM RIE 2018 B649 Or.1 | ||
| 100 | _aRIEM SAMBATH រៀង សម្បត្តិ | ||
| 245 | _acase of salmonellosis in piglets at song pov farm char mon city, kampong speu province ករណី salmonellosis លើកូនជ្រូកនៅកសិដ្ឋាន សុង ពៅ ក្រុងច្បារមន ខេត្តកំពងស្ពឺ | ||
| 260 |
_aRUA _bPhnom penh _c2018 |
||
| 300 |
_ax;37p _bill; _c29cm |
||
| 856 | _uhttps://drive.google.com/file/d/1CaFz4QzyIYgmGD_m7xpr0kDd-qlBYil7/view?usp=sharing | ||
| 942 | _cAVM | ||
| 999 |
_c18317 _d18317 |
||